Chemistry-IX (Record no. 4427)

MARC details
000 -LEADER
fixed length control field 00206nam a22000857a 4500
008 - FIXED-LENGTH DATA ELEMENTS--GENERAL INFORMATION
fixed length control field 161202b xxu||||| |||| 00| 0 eng d
100 ## - MAIN ENTRY--PERSONAL NAME
9 (RLIN) 1714
Personal name Misra.R.R.
245 ## - TITLE STATEMENT
Title Chemistry-IX
260 ## - PUBLICATION, DISTRIBUTION, ETC. (IMPRINT)
Place of publication, distribution, etc. New Delhi
Name of publisher, distributor, etc. Arya
Date of publication, distribution, etc. 2007
Holdings
Withdrawn status Lost status Source of classification or shelving scheme Damaged status Koha normalized classification for sorting Not for loan Home library Current library Shelving location Date acquired Total Checkouts Total Renewals Full call number Barcode Date last seen Date last checked out Price effective from Koha item type
    Dewey Decimal Classification   500_000000000000000   Good Samaritan School Library Good Samaritan School Library Chemistry 12/02/2016 8 2 500 MIS6571 04/29/2023 04/29/2023 12/02/2016 BOOK

Powered by Koha